| 000 | 00747nam a2200265Ia 4500 | ||
|---|---|---|---|
| 003 | OSt | ||
| 005 | 20221005095328.0 | ||
| 006 | a|||||r|||| 00| 0 | ||
| 007 | ta | ||
| 008 | 221004b |||||||| |||| 00| 0 eng d | ||
| 020 | _a9231016296 | ||
| 024 | _a25140 | ||
| 037 | _cTextual | ||
| 040 |
_aCRL _cCRL _beng |
||
| 041 |
_2eng _aeng |
||
| 082 | _aT:3(T).6, M0 | ||
| 100 | _aPoth Joseph | ||
| 245 | 0 |
_aNational languages and teacher training in Africa _b A methodological guide for the use of teacher training institutes |
|
| 260 |
_aParis _bUNESCO _c1980 |
||
| 300 |
_a50p. _ccm. |
||
| 650 | _a EDUCATION | ||
| 650 |
_aTEACHING _934578 |
||
| 942 |
_hT:3(T).6, M0 _cTEXL _2cc |
||
| 999 |
_c1003333 _d1003333 |
||